Detalles MARC
| 000 -LEADER |
| fixed length control field |
03312nam a2200457Ii 4500 |
| 001 - CONTROL NUMBER |
| control field |
DIGMECD0041 |
| 003 - CONTROL NUMBER IDENTIFIER |
| control field |
NyNyDIG |
| 008 - FIXED-LENGTH DATA ELEMENTS--GENERAL INFORMATION |
| fixed length control field |
140822s2011 sp ob 000 0 spa d |
| 006 - FIXED-LENGTH DATA ELEMENTS--ADDITIONAL MATERIAL CHARACTERISTICS |
| fixed length control field |
m o d |
| 007 - PHYSICAL DESCRIPTION FIXED FIELD--GENERAL INFORMATION |
| fixed length control field |
cr ||||||||||| |
| 040 ## - CATALOGING SOURCE |
| Original cataloging agency |
DGITA |
| Language of cataloging |
eng |
| Description conventions |
rda |
| -- |
pn |
| Transcribing agency |
DGITA |
| 020 ## - INTERNATIONAL STANDARD BOOK NUMBER |
| International Standard Book Number |
9788436952629 |
| Qualifying information |
(eBook) |
| 020 ## - INTERNATIONAL STANDARD BOOK NUMBER |
| International Standard Book Number |
8436952626 |
| Qualifying information |
(eBook) |
| 020 ## - INTERNATIONAL STANDARD BOOK NUMBER |
| Canceled/invalid ISBN |
9788436948226 |
| Qualifying information |
CD-ROM |
| 020 ## - INTERNATIONAL STANDARD BOOK NUMBER |
| Canceled/invalid ISBN |
843694822X |
| Qualifying information |
CD-ROM |
| 024 7# - OTHER STANDARD IDENTIFIER |
| Standard number or code |
030-12-010-3 |
| Qualifying information |
libro electrónico |
| Source of number or code |
nipo |
| 035 ## - SYSTEM CONTROL NUMBER |
| System control number |
(OCoLC)808349425 |
| 043 ## - GEOGRAPHIC AREA CODE |
| Geographic area code |
e-sp--- |
| 050 14 - LIBRARY OF CONGRESS CALL NUMBER |
| Classification number |
HD1697.S7 eBook |
| 245 00 - TITLE STATEMENT |
| Title |
Agua y sostenibilidad : |
| Remainder of title |
recursos, riesgos y remedios / |
| Statement of responsibility, etc. |
dirección editorial..., Antonio Moreno González. |
| 264 #1 - PRODUCTION, PUBLICATION, DISTRIBUTION, MANUFACTURE, AND COPYRIGHT NOTICE |
| Place of production, publication, distribution, manufacture |
[Madrid] : |
| Name of producer, publisher, distributor, manufacturer |
Ediciones del Instituto de Formación del Profesorado, Investigación e Innovación Educativa, |
| Date of production, publication, distribution, manufacture, or copyright notice |
2012. |
| 264 #3 - PRODUCTION, PUBLICATION, DISTRIBUTION, MANUFACTURE, AND COPYRIGHT NOTICE |
| Place of production, publication, distribution, manufacture |
[Madrid] : |
| Name of producer, publisher, distributor, manufacturer |
Secretaría General Técnica, Subdirección General de Documentación y Publicaciones |
| 300 ## - PHYSICAL DESCRIPTION |
| Extent |
1 online resource (517 pages). |
| 336 ## - CONTENT TYPE |
| Content type term |
text |
| Content type code |
txt |
| Source |
rdacontent |
| 337 ## - MEDIA TYPE |
| Media type term |
computer |
| Media type code |
c |
| Source |
rdamedia |
| 338 ## - CARRIER TYPE |
| Carrier type term |
online resource |
| Carrier type code |
cr |
| Source |
rdacarrier |
| 490 1# - SERIES STATEMENT |
| Series statement |
Colección Conocimiento educativo. Serie Aula permanente |
| 505 0# - FORMATTED CONTENTS NOTE |
| Formatted contents note |
Las competencias básicas a través del agua / Isabel Monguilot Abeti -- El agua en las enseñanzas de Infantil y Primaria : objetivos, contenidos y evaluación / Ana Viera Sánchez -- El agua en las enseñanzas mínimas de Secundaria / Valentín Gavidia Catalán -- El cambio climático : algo más que un riesgo / Emilio Pedrinaci Rodríguez -- Agua y sostentibilidad : dos términos inseparables / Amparo Vilches Peña y Daniel Gil Pérez -- El gran desafío : diseñar el papel de la escuela en la apuesta colectiva por la buena gobernabilidad del agua / Carmelo Marcén Albero -- Valores y derechos en juego en la gestión del agua / Pedro Arrojo Agudo -- Foro joven : Ríos para vivirlos : una experiencia de reflexión en torno a los ríos en la Cuenca del Ebro / Olga Conde Campos y Carmelo Marcén Albero -- Materiales didácticos sobre agua y desarrollo sostenible en la Expo Zaragoza 2008 / Pilar González Meyaui y Carmelo Marcén Albero -- El uso del agua en Roma / Gregorio Fernández Mateu -- El agua : proyecto didáctico para la formación ciudadana (1) / Catalina López Martínez -- El agua : proyecto didáctico para la formación ciudadana (2) / Laudelina Pérez Gago -- El valor del agua / Agustín Mariné Conill -- El agua y su gestión : aprovechamiento hidroeléctrico / Josep Grau Cotilla. |
| 504 ## - BIBLIOGRAPHY, ETC. NOTE |
| Bibliography, etc. note |
Includes bibliographical references. |
| 588 0# - SOURCE OF DESCRIPTION NOTE |
| Source of description note |
Online resource; title from ePub and PDF title page (Digitalia, viewed Aug. 22, 2014) |
| 650 #0 - SUBJECT ADDED ENTRY--TOPICAL TERM |
| Topical term or geographic name entry element |
Water resources development |
| Geographic subdivision |
Spain. |
| 655 #0 - INDEX TERM--GENRE/FORM |
| Genre/form data or focus term |
Electronic books. |
| 700 1# - ADDED ENTRY--PERSONAL NAME |
| Personal name |
Moreno González, Antonio, |
| Relator term |
editor. |
| 791 2# - |
| -- |
Digitalia (Firm), |
| -- |
distributor. |
| 793 0# - |
| -- |
Digitalia eBook Collection: |
| -- |
Ministerio de Educación, Cultura y Deporte de España |
| 776 08 - ADDITIONAL PHYSICAL FORM ENTRY |
| Relationship information |
CD-ROM version: |
| Title |
Agua y sostenibilidad. |
| Place, publisher, and date of publication |
[Madrid] : Ministerio de Educación, Subdirección General de Documentación y Publicaciones, 2010 |
| International Standard Book Number |
9788436948226 |
| 830 #0 - SERIES ADDED ENTRY--UNIFORM TITLE |
| Uniform title |
Conocimiento educativo. |
| Name of part/section of a work |
Serie Aula permanente. |
| 856 40 - ELECTRONIC LOCATION AND ACCESS |
| Materials specified |
Digitalia Hispánica |
| Uniform Resource Identifier |
<a href="https://www.digitaliapublishing.com/a/17797/">https://www.digitaliapublishing.com/a/17797/</a> |
| 910 ## - USER-OPTION DATA (OCLC) |
| User-option data |
Premium Collection: 2014 |
| 942 ## - ADDED ENTRY ELEMENTS (KOHA) |
| Koha item type |
Recurso Electrónico |